HIGH COURT CRIMINAL SESSION No.88 of 1969 Uganda Vs Basilion Rwambego (Record no. 6407)
[ view plain ]
| 000 -LEADER | |
|---|---|
| fixed length control field | 00459nam a22001097a 4500 |
| 008 - FIXED-LENGTH DATA ELEMENTS--GENERAL INFORMATION | |
| fixed length control field | 150618b xxu||||| |||| 00| 0 eng d |
| 010 ## - LIBRARY OF CONGRESS CONTROL NUMBER | |
| Field link and sequence number | HCCRSF: 004 |
| 245 ## - TITLE STATEMENT | |
| Title | HIGH COURT CRIMINAL SESSION No.88 of 1969 Uganda Vs Basilion Rwambego |
| 260 ## - PUBLICATION, DISTRIBUTION, ETC. (IMPRINT) | |
| Place of publication, distribution, etc | High Court Kampala |
| 500 ## - GENERAL NOTE | |
| Materials specified | (original criminal Case No. MFP. 705 of 1968 in the District court Toro at Fort portal<br/>Before: P.B Kirwan, Esq., Magistrate Gr 1)<br/> |
| 500 ## - GENERAL NOTE | |
| Materials specified | Before: Hon. Mr. Justice W.H. Goudie |
| Withdrawn status | Lost status | Source of classification or shelving scheme | Damaged status | Koha normalized classification for sorting | Not for loan | Location (home branch) | Sublocation or collection (holding branch) | Shelving location | Date acquired | Koha issues (times borrowed) | Koha full call number | Piece designation (barcode) | Koha date last seen | Price effective from | Koha item type |
|---|---|---|---|---|---|---|---|---|---|---|---|---|---|---|---|
| Dewey Decimal Classification | HCCRSF_004 | Archives | Archives | Archives | 06/18/2015 | HCCRSF:004 | 0659/2015 | 06/18/2015 | 06/18/2015 | Un Reported Cases |
